LEADER 01059nam0-2200361---450 001 990000935910203316 005 20210719151200.0 010 $a88-85987-76-1 035 $a0093591 035 $aUSA010093591 035 $a(ALEPH)000093591USA01 035 $a0093591 100 $a20020131d1997----km-y0ITAy01------ba 101 $aita 102 $aIT 105 $a00||| 200 1 $aNè destra nè sinistra$el'ideologia fascista in Francia$fZeev Sternhell$gtraduzione di Maria Grazia Meriggi 210 $aMilano$cBaldini & Castoldi$d[1997] 215 $a581 p.$d23 cm 225 2 $aI saggi$v87 410 0$12001$aI saggi$v87 454 1$12001$aNi droite, ni gauche$928367 606 $aFascismo$yFrancia$z1920-1940 676 $a320.5330944 700 1$aSTERNHELL,$bZeev$0134287 702 1$aMERIGGI,$bMaria Grazia 801 0$aIT$bsalbc$gISBD 912 $a990000935910203316 951 $aX.3.B. 2763(IV C COLL.439/87)$b132948 L.M.$cIV C COLL. 959 $aBK 969 $aUMA 996 $aNi droite, ni gauche$928367 997 $aUNISA LEADER 02642nas 2200673-a 450 001 9910139437503321 005 20241221111344.0 035 $a(CKB)958480155093 035 $a(CONSER)---98664001- 035 $a(MiFhGG)0IUH 035 $a(EXLCZ)99958480155093 100 $a19970306a19979999 --- a 101 0 $aeng 181 $ctxt$2rdacontent 182 $cc$2rdamedia 183 $acr$2rdacarrier 200 00$aJournal of interactive learning research 210 $aCharlottesville, VA $cAssociation for the Advancement of Computing in Education$d1997- 215 $a1 online resource 300 $aRefereed/Peer-reviewed 300 $aTitle from cover. 311 08$aPrint version: Journal of interactive learning research. 1093-023X (DLC) 98664001 (OCoLC)36500293 531 $aJOURNAL OF INTERACTIVE LEARNING 531 $aJOURNAL OF INTERACTIVE OF LEARNING RESEARCH 606 $aEducation$xData processing$vPeriodicals 606 $aComputer-assisted instruction$vPeriodicals 606 $aArtificial intelligence$xEducational applications$vPeriodicals 606 $aComputer-Assisted Instruction 606 $aEnseignement assisté par ordinateur$vPériodiques 606 $aÉducation$xInformatique$vPériodiques 606 $aIntelligence artificielle$xApplications en éducation$vPériodiques 606 $aArtificial intelligence$xEducational applications$2fast$3(OCoLC)fst00817257 606 $aComputer-assisted instruction$2fast$3(OCoLC)fst00872725 606 $aEducation$xData processing$2fast$3(OCoLC)fst00902579 606 $aInteractieve computerprogramma's$2gtt 606 $aLeren$2gtt 608 $aPeriodical. 608 $aPeriodicals.$2fast 608 $aPeriodicals.$2lcgft 608 $aPeriodicals.$2lcgft 615 0$aEducation$xData processing 615 0$aComputer-assisted instruction 615 0$aArtificial intelligence$xEducational applications 615 2$aComputer-Assisted Instruction. 615 6$aEnseignement assisté par ordinateur 615 6$aÉducation$xInformatique 615 6$aIntelligence artificielle$xApplications en éducation 615 7$aArtificial intelligence$xEducational applications. 615 7$aComputer-assisted instruction. 615 7$aEducation$xData processing. 615 17$aInteractieve computerprogramma's. 615 17$aLeren. 676 $a371 712 02$aAssociation for the Advancement of Computing in Education. 906 $aJOURNAL 912 $a9910139437503321 920 $aexl_impl conversion 996 $aJournal of interactive learning research$92097800 997 $aUNINA